000
00317nam a2200133Ia 4500
005
20251222143251.0
008
251222s9999||||xx |||||||||||||| ||spa||
020
_a
2-86589-024-4
082
_a
724.14/A2
100
_a
Ackerman, James S.
245
0
_a
L'architecture de Michel-Ange
264
_b
Macula
942
_c
LIB
999
_c
14972
_d
14972